| 000 | 01014nam a22002537a 4500 | ||
|---|---|---|---|
| 001 | 5685 | ||
| 003 | FISKH | ||
| 005 | 20250114084922.0 | ||
| 008 | 250114b cb ||||| |||| 00| 0 eng d | ||
| 020 | _a9781880892909 | ||
| 040 |
_aFISKH _beng _cFISKH _dFISKH |
||
| 082 | _a372.4 | ||
| 100 | _aStrayer, Debbie | ||
| 245 |
_aStudent activity book : The blue book : _bLearning language arts through literature / _cBy Debbie Strayer and Susan S. Simpson |
||
| 260 |
_aMelrose, Florida : _bCommon Sence Press, Inc ; _c1998. |
||
| 300 |
_a225 pages : _billustrations ; _c29 cm . |
||
| 490 |
_aLearning Language Arts Through Literature _vStudent 1 |
||
| 520 | _aStudent guide to accompany Learning Language Arts Through Literature Blue Book.Now in a convenient book format.Contains more student instruction for independent work.Enrichment activities included." | ||
| 650 |
_aconsumable _vnon-fiction |
||
| 650 |
_agrammar _vnon-fiction |
||
| 700 |
_aSimpson, Susan _eauthor |
||
| 942 |
_2ddc _cBK _n0 |
||
| 999 |
_c5685 _d5685 |
||